=LDR 00000nam 2200000 4500 =001 NUTBA000000000003368 =005 20140815155526.0 =006 =007 =008 =035 ##$$a 0010-081400000000213 =040 ##$$a NBPDMAT =082 ##$$a 510.076 =090 ##$$a 510.076 $b Abd r =100 ##$$a Abdul Shokib =245 ##$$a Rumus praktis matematika SMP/MTS / $c Abdul Shokib =250 ##$$a Cet. 1 =260 ##$$a Jakarta : $b Pena Ilmu, $c 2013 =300 ##$$a $c 227 hlm. ; $c 25 cm. =650 ##$$a Matematika SMP-Studi dan Pengajaran =990 ##$$a 21405012